Zmeny podľa novely zákona o zdravotnom poistení účinnej od 1.10.2013
Zmeny, ktoré priniesla novela zákona o zdravotnom poistení, a ktoré súvisia s definíciou závislej osoby (nezaopatreného rodinného príslučníka), s platením poistného, s povinnosťami platiteľa dividend a platením poistného z dividend. Praktické príklady.
Enregistré dans:
| Auteur principal: | |
|---|---|
| Format: | Chapitre de livre |
| Langue: | slovaque |
| Sujets: | |
| Tags: |
Pas de tags, Soyez le premier à ajouter un tag!
|
MARC
| LEADER | 00000naa a2200000 4500 | ||
|---|---|---|---|
| 001 | 0179539 | ||
| 005 | 20231109104253.9 | ||
| 041 | 0 | |a slo | |
| 044 | |a SK | ||
| 245 | 1 | 0 | |a Zmeny podľa novely zákona o zdravotnom poistení účinnej od 1.10.2013 |c Jolana Strýčková |
| 520 | |a Zmeny, ktoré priniesla novela zákona o zdravotnom poistení, a ktoré súvisia s definíciou závislej osoby (nezaopatreného rodinného príslučníka), s platením poistného, s povinnosťami platiteľa dividend a platením poistného z dividend. Praktické príklady. | ||
| 610 | 2 | 0 | |a poistenie zdravotné |
| 610 | 2 | 0 | |a novelizácia |
| 610 | 2 | 0 | |a poistné |
| 610 | 2 | 0 | |a poistníci |
| 610 | 2 | 0 | |a dividendy |
| 610 | 2 | 0 | |a príjmy |
| 100 | 1 | |a Strýčková, Jolana | |